LDR 00776naa#a2200205#i#450# 001 RU\\bibl\117265 005 20260501055635.5 011 ## _a0320-3557 100 ## _a20251220b2025####ek#y0rusy0150####ca 101 0# _aENG 102 ## _aRU 200 1# _aАКТИНОМИЦЕТЫ В ДОННЫХ ОТЛОЖЕНИЯХ ОЗЕРА ХАР-УС-НУУР МОНГОЛИИ _eЖурнальная статья 210 1# _aБорок _cИнститут биологии внутренних вод им. И.Д. Папанина РАН _d2025 215 ## _a4 с. 608 ## _aЖурнальная статья _2local 675 ## _aГрибы. 632.937.14 _zENG 700 #1 _aНоровсурэн _gЖ. 700 #1 _aБурмаа _gЗ. 700 #1 _aФилимонова _gМ. Н. 856 4# _aibiw.editorum.ru _u